[Event "Ruhrgebiet Verbandsliga Gruppe 1 1718"]
[Site "Germany"]
[Date "2018.02.04"]
[Round "6.8"]
[White "Gitschel, Ralf"]
[Black "Volling, Andreas"]
[Result "1-0"]
[WhiteElo "1855"]
[BlackElo "1841"]
[PlyCount "61"]
[EventDate "2017.09.17"]
[EventType "team-tourn"]
[EventRounds "9"]
[EventCountry "GER"]
[SourceTitle "EXT 2022"]
[Source "ChessBase"]
[SourceDate "2021.10.06"]
[SourceVersion "1"]
[SourceVersionDate "2021.10.06"]
[SourceQuality "1"]
[WhiteTeam "Eichlinghofen SV"]
[BlackTeam "Boenen SV"]
[WhiteTeamCountry "GER"]
[BlackTeamCountry "GER"]

1. g3 d5 2. d4 Nf6 3. Bg2 e6 4. Nf3 Be7 5. 0-0 0-0 6. Nbd2 c6 7. Re1 Nbd7 8. e4 dxe4 9. Nxe4 Nxe4 10. Rxe4 Nf6 11. Re2 Qb6 12. b3 Nd5 13. Bb2 Bf6 14. Ne5 Rd8 15. Qe1 a5 16. Rd1 Qc7 17. c4 Nb6 18. h3 Bxe5 19. Rxe5 a4 20. Rh5 axb3 21. axb3 Bd7 22. Be4 f5 23. Bb1 h6 24. d5 cxd5 25. Be5 Qc6 26. Bd4 Be8 27. Qe5 Rd7 28. Rxh6 dxc4 29. Rxe6 Qc8 30. Rxb6 c3 31. Qxf5 1-0

[Event "Ruhrgebiet Verbandsliga Gruppe 1 1617"]
[Site "Germany"]
[Date "2017.04.30"]
[Round "9.8"]
[White "Jacubowski, Andreas"]
[Black "Gitschel, Ralf"]
[Result "1/2-1/2"]
[WhiteElo "1875"]
[BlackElo "1854"]
[PlyCount "48"]
[EventDate "2016.09.04"]
[EventType "team-tourn"]
[EventRounds "9"]
[EventCountry "GER"]
[SourceTitle "EXT 2022"]
[Source "ChessBase"]
[SourceDate "2021.10.06"]
[SourceVersion "1"]
[SourceVersionDate "2021.10.06"]
[SourceQuality "1"]
[WhiteTeam "Horst Emscher"]
[BlackTeam "Eichlinghofen SV"]
[WhiteTeamCountry "GER"]
[BlackTeamCountry "GER"]

1. e4 c5 2. Nf3 Nc6 3. Bb5 g6 4. 0-0 Bg7 5. c3 d5 6. Qa4 dxe4 7. Bxc6+ bxc6 8. Qxc6+ Bd7 9. Qxe4 Nf6 10. Qe2 0-0 11. b3 Bf5 12. Re1 Qb6 13. Na3 Rad8 14. Ne5 Nd5 15. Nac4 Qc7 16. Ba3 f6 17. Nf3 e5 18. g3 Rfe8 19. Nh4 Bc8 20. Ne3 Nb6 21. Rad1 f5 22. Qb5 Bf8 23. Bb2 Bb7 24. Nhg2 a6 1/2-1/2

[Event "Ruhrgebiet Verbandsklasse Gruppe 2 1516"]
[Site "Germany"]
[Date "2015.09.27"]
[Round "2.7"]
[White "Wuebker, Paul Luca"]
[Black "Gitschel, Ralf"]
[Result "0-1"]
[WhiteElo "1680"]
[BlackElo "1852"]
[PlyCount "76"]
[EventDate "2015.09.06"]
[EventType "team-tourn"]
[EventRounds "9"]
[EventCountry "GER"]
[SourceTitle "EXT 2022"]
[Source "ChessBase"]
[SourceDate "2021.10.06"]
[SourceVersion "1"]
[SourceVersionDate "2021.10.06"]
[SourceQuality "1"]
[WhiteTeam "Bochum SG IV"]
[BlackTeam "Eichlinghofen SV"]
[WhiteTeamCountry "GER"]
[BlackTeamCountry "GER"]

1. d4 g6 2. e4 Bg7 3. Be3 c5 4. c3 Nf6 5. e5 Nd5 6. Bc4 Nxe3 7. fxe3 0-0 8. Nf3 d6 9. exd6 exd6 10. 0-0 d5 11. Bb3 c4 12. Bc2 Qe7 13. Re1 f5 14. Nbd2 b5 15. b4 Bb7 16. a4 a6 17. a5 Nd7 18. Qe2 Rae8 19. Qf2 Nf6 20. Qh4 Ng4 21. Qxe7 Rxe7 22. Nf1 Rfe8 23. h3 Nxe3 24. Nxe3 Rxe3 25. Rxe3 Rxe3 26. Kf2 Rxc3 27. Ra2 f4 28. Rb2 g5 29. Ke2 Re3+ 30. Kf2 Bc8 31. Rb1 h6 32. Rd1 Bf8 33. Rb1 Bd6 34. Ne1 Kg7 35. Bd1 Bf5 36. Rb2 Kf6 37. Nc2 Rb3 38. Ra2 Rb1 0-1

[Event "Ruhrgebiet Verbandsklasse Gruppe 3 1415"]
[Site "Germany"]
[Date "2015.04.26"]
[Round "9.4"]
[White "Singbeil, Holger"]
[Black "Gitschel, Ralf"]
[Result "1-0"]
[WhiteElo "1991"]
[BlackElo "1852"]
[PlyCount "55"]
[EventDate "2014.09.21"]
[EventType "team-tourn"]
[EventRounds "9"]
[EventCountry "GER"]
[SourceTitle "EXT 2022"]
[Source "ChessBase"]
[SourceDate "2021.10.06"]
[SourceVersion "1"]
[SourceVersionDate "2021.10.06"]
[SourceQuality "1"]
[WhiteTeam "Wanne-Eickel SV Unser Fritz"]
[BlackTeam "Eichlinghofen SV"]
[WhiteTeamCountry "GER"]
[BlackTeamCountry "GER"]

1. c4 g6 2. g3 Bg7 3. Bg2 c5 4. Nc3 Nc6 5. Nf3 Nf6 6. d4 cxd4 7. Nxd4 0-0 8. 0-0 Nxd4 9. Qxd4 d6 10. Qd3 Bf5 11. e4 Be6 12. b3 Qd7 13. Rd1 Bh3 14. Bb2 Bxg2 15. Kxg2 Qg4 16. h3 Qg5 17. f4 Qh5 18. Qf3 Qxf3+ 19. Kxf3 Rfc8 20. Rd2 a6 21. e5 dxe5 22. fxe5 Bh6 23. Rd3 Ne8 24. Nd5 Rd8 25. Nxe7+ Kf8 26. Nd5 Nc7 27. Ba3+ Kg7 28. Be7 1-0

[Event "NRW Verbandsklasse Group3 1314"]
[Site "Nordrheinwestfalen"]
[Date "2013.12.15"]
[Round "5.7"]
[White "Rybicki, Hans"]
[Black "Gitschel, Ralf"]
[Result "1/2-1/2"]
[WhiteElo "1879"]
[BlackElo "1912"]
[PlyCount "98"]
[EventDate "2013.09.08"]
[EventType "team-tourn"]
[EventRounds "9"]
[EventCountry "GER"]
[SourceTitle "EXT 2020"]
[Source "ChessBase"]
[SourceDate "2019.10.17"]
[SourceVersion "1"]
[SourceVersionDate "2019.10.17"]
[SourceQuality "1"]
[WhiteTeam "Kamen SV II"]
[BlackTeam "Eichlinghofen SV"]
[WhiteTeamCountry "GER"]
[BlackTeamCountry "GER"]

1. e4 c5 2. Nf3 Nc6 3. d4 cxd4 4. Nxd4 Nf6 5. Nc3 e5 6. Ndb5 d6 7. Bg5 a6 8. Na3 b5 9. Nd5 Be7 10. Bxf6 Bxf6 11. c3 Bg5 12. Nc2 Be6 13. Nce3 Ne7 14. Be2 0-0 15. 0-0 Bxe3 16. Nxe3 Qb6 17. Qd2 Rad8 18. Bf3 f5 19. exf5 Nxf5 20. Bd5 Bxd5 21. Nxd5 Qa7 22. Qg5 Qf7 23. Rad1 h6 24. Qg4 g5 25. Rd2 Kh8 26. g3 h5 27. Qxg5 Rg8 28. Qf6+ Qxf6 29. Nxf6 Rg6 30. Nd5 Nh4 31. Kh1 Nf3 32. Re2 Rd7 33. Rd1 Rf7 34. Rd3 h4 35. Ree3 hxg3 36. fxg3 Rh7 37. Rxf3 e4 38. Rf8+ Kg7 39. Nf4 Rgh6 40. Re3 Rxh2+ 41. Kg1 Rh1+ 42. Kf2 R7h2+ 43. Ng2 Kxf8 44. Rxe4 Rb1 45. Re2 Kg7 46. g4 Rh3 47. Nf4 Rh2+ 48. Ng2 Rh3 49. Nf4 Rh2+ 1/2-1/2

[Event "Ruhrgebiet Verbandsliga2 1011"]
[Site "Nordrheinwestfalen"]
[Date "2010.10.24"]
[Round "2.7"]
[White "Gitschel, Ralf"]
[Black "Kraus, Tanja"]
[Result "1/2-1/2"]
[WhiteElo "1882"]
[BlackElo "1739"]
[PlyCount "63"]
[EventDate "2010.09.12"]
[EventType "team-tourn"]
[EventRounds "9"]
[EventCountry "GER"]
[SourceTitle "EXT 2020"]
[Source "ChessBase"]
[SourceDate "2019.10.17"]
[SourceVersion "1"]
[SourceVersionDate "2019.10.17"]
[SourceQuality "1"]
[WhiteTeam "Eichlinghofen SV"]
[BlackTeam "Wattenscheid SV IV"]
[WhiteTeamCountry "GER"]
[BlackTeamCountry "GER"]

1. e4 Nf6 2. e5 Nd5 3. d4 d6 4. f4 dxe5 5. fxe5 c5 6. Bb5+ Bd7 7. Bxd7+ Nxd7 8. c3 e6 9. Nf3 cxd4 10. Qxd4 Qc7 11. Bg5 Bc5 12. Qe4 Qb6 13. Qe2 a5 14. c4 Nb4 15. a3 Nc6 16. Nc3 Nd4 17. Nxd4 Bxd4 18. Bf4 Bxc3+ 19. bxc3 Rc8 20. Be3 Qb3 21. Bd4 Rxc4 22. 0-0 Rc7 23. Qf3 0-0 24. Rfb1 Qd5 25. Qxd5 exd5 26. Rb5 b6 27. Rxd5 Nc5 28. Rb1 Na4 29. Rb3 Rfc8 30. Rdb5 Nxc3 31. Bxc3 Rxc3 32. Rxb6 1/2-1/2

[Event "Ruhrgebiet VK2 0910"]
[Site "Ruhrgebiet"]
[Date "2010.02.21"]
[Round "7.2"]
[White "Tiefenhoff, Christian"]
[Black "Gitschel, Ralf"]
[Result "0-1"]
[WhiteElo "2016"]
[BlackElo "1859"]
[PlyCount "118"]
[EventDate "2009.09.06"]
[EventType "team"]
[EventRounds "9"]
[EventCountry "GER"]
[SourceTitle "EXT 2011"]
[Source "ChessBase"]
[SourceDate "2010.11.26"]
[SourceVersion "1"]
[SourceVersionDate "2010.11.26"]
[SourceQuality "1"]
[WhiteTeam "Germania Kupferdreh"]
[BlackTeam "Eichlinghofen SV II"]
[WhiteTeamCountry "GER"]
[BlackTeamCountry "GER"]

1. d4 g6 2. Nf3 Bg7 3. Bg5 c5 4. e3 cxd4 5. exd4 Nf6 6. c3 0-0 7. Nbd2 d5 8. Bd3 Nbd7 9. 0-0 h6 10. Bh4 Nh5 11. Re1 Ndf6 12. Ne5 Nf4 13. Bc2 g5 14. Bg3 N6h5 15. Qf3 f5 16. Ng6 g4 17. Nxe7+ Qxe7 18. Rxe7 gxf3 19. Bxf4 Nxf4 20. Nxf3 Ng6 21. Re2 Bd7 22. Nd2 Rfe8 23. Rae1 Kf8 24. Bb3 Bc6 25. Bc2 Bd7 26. Bb3 Rxe2 27. Rxe2 Rd8 28. Re1 Bc8 29. Nf1 f4 30. Nd2 Kf7 31. Bc2 Rd6 32. Ba4 Re6 33. Kf1 b6 34. Bb5 Rxe1+ 35. Kxe1 Bf5 36. Ke2 Ke6 37. Be8 h5 38. f3 h4 39. Bb5 Kd6 40. Bd3 Ne7 41. Bb5 Bc2 42. Nf1 Bb1 43. a3 Nf5 44. Kf2 Bh6 45. Ke2 Ba2 46. Bd3 Bc4 47. Kd2 Ne3 48. Bxc4 dxc4 49. Nxe3 fxe3+ 50. Ke2 Bf4 51. g3 hxg3 52. hxg3 Bxg3 53. Kxe3 Kd5 54. Kd2 b5 55. Kc2 a5 56. a4 bxa4 57. Kb1 Bd6 58. Kc2 Ke6 59. Kd2 Kf5 0-1